000 00840nam a2200265 a 4500
001 000035757
003 DO-SdBNP
005 20171009102936.0
007 000035757
008 111110s2011 dr a g 001 0 spa d
020 _a9789945872637
040 _aBPMSU
_bspa
_cBPMSU
082 4 _aRD861.5
_bG216v
100 1 _aGarcía Paulino, Reyna Celeste
245 1 0 _aVelo de mi alma /
_cReyna Celeste García ; Prólogo Diómedes Núñez Polanco.
260 _aBonao, República Dominicana :
_bTalleres AZ,
_c2011.
300 _a81 p. :
_bil. ;
_c21 cm.
650 4 _aPOESÍA DOMINICANA
650 4 _aLITERATURA DOMINICANA
700 1 _aNúñez Polanco, Diómedes,
_d1952-
_epról.
910 _aValidado. Control de calidad EMS
942 _2ddc
_cBK
945 _a Inventariado / 2017 VM
956 _aVMATEO
_b10
_c20150806
_lBPMSU
_h00151
999 _c8104
_d8104